Score 0/30 Timer 05:00
0 Plays Today
Hint Color % Correct
House or SnowWhite
97.2%
Floyd or PantherPink
94.6%
Skelton or LobsterRed
94.4%
Jack or MagicBlack
88.7%
Pages or SubmarineYellow
81.4%
Goose or EarlGrey
79.4%
Haze or HeartPurple
76.5%
Glove or DiggerGold
74%
County or JuliusOrange
73.9%
Medal or AgeBronze
69.5%
Encyclopedia or CharlieBrown
66.7%
Letter or PimpernelScarlet
57.9%
Reef or SnakeCoral
50.4%
Quick or BulletSilver
49.5%
Melba or FuzzPeach
45.4%
Hint Color % Correct
Angels or DevilsBlue
44.1%
Bean or SEALNavy
40%
Professor or SugarPlum
36.7%
Linda or MacyGray
36.1%
Soap or TowerIvory
36%
Ultra or AfricanViolet
31.1%
Labrador or KissChocolate
30.6%
Goddess or PeaceGreen
30.3%
Key or StoneLime
24.3%
Bridges or SlippersRuby
23.9%
Tide or ForceCrimson
22.8%
Isle or DragonEmerald
21.2%
Nylund or GardenRose
15.9%
5 or BeretMaroon
13.6%
Lung or DoodleAqua
10.5%
Remove Ads.
Support Sporcle.
Get the best of Sporcle when you Go Orange. This ad-free experience offers more features, more stats, and more fun while also helping to support Sporcle. Thank you for becoming a member.

You're not logged in!

Compare scores with friends on all Sporcle quizzes.
OR
Log In

Sporcle TV

Today on Sporcle TV


Watch our educational content, quiz creation guides, and fun videos on Sporcle TV.

Show Comments

Extras

Top Quizzes Today


Score Distribution

Paid Content

Your Account Isn't Verified!

In order to create a playlist on Sporcle, you need to verify the email address you used during registration. Go to your Sporcle Settings to finish the process.

Report this User

Report this user for behavior that violates our Community Guidelines.

Details: